Néoclassicisme/Romantisme - Statistiques

Statistiques générales
  • Ce quiz a été pris 28 fois
  • Le résultat moyen est 5 sur 15
Statistiques - réponses
Les Tableaux Les artistes % Correct
La mort de Marat David
81%
Radeau de la Méduse Géricault
71%
La mort de Sardanapale Delacroix
67%
Tres de Mayo Goya
57%
Le Voyageur contemplant une mer de Nuage Friedrich
43%
Bataille d'Aboukir Gros
43%
Le Désespéré Courbet
33%
Napoléon Ier sur son trône Ingres
33%
La charette de foin Constable
29%
Atala au tombeau Girodet
24%
Le cauchemar Fussli
19%
La Mort de Germanicus Poussin
14%
L'ange déchu Turner
14%
La destruction de Sodome Martin
10%
Le parnasse Mengs
10%
Aucun quiz correspondant
Distribution des résultats
% des personnes avec chaque résultat
Percentile par nombre de réponses
Votre historique - résultats
Vous n’avez pas pris ce quiz